Cơ học lượng tử và cấu trúc nguyên tử Tập 2

Momen từ và momen cơ của nguyên tử,nguyên tử trong từ trường ngoài,lý thuyết nhiễu loạn,nguyên tử heli,những cơ sở lý thuyếtvùng về vật rắn

Đã lưu trong:
Chi tiết về thư mục
Tác giả chính: Matvêev.A.N
Tác giả khác: Phan Như Ngọc (dịch)
Định dạng: Sách
Ngôn ngữ:Vietnamese
Được phát hành: H. Giáo dục 1980
Loạt:Sách Đại học Sư Phạm
Những chủ đề:
Các nhãn: Thêm thẻ
Không có thẻ, Là người đầu tiên thẻ bản ghi này!
Thư viện lưu trữ: Mạng thư viện Đại học Đà Nẵng
LEADER 01436nam a2200373 4500
001 000008290
003 4476
005 20111019151018.0
008 111014s1980 viesd
041 0 |a vie 
082 |a 539.14  |b MA-A 
100 1 |a Matvêev.A.N 
245 1 0 |a Cơ học lượng tử và cấu trúc nguyên tử  |c Matvêev.A.N;người dịch:Phan Như Ngọc  |n Tập 2 
260 |a H.  |b Giáo dục  |c 1980 
300 |a 219tr.  |b hình vẽ  |c 21 cm 
490 |a Sách Đại học Sư Phạm 
520 |a Momen từ và momen cơ của nguyên tử,nguyên tử trong từ trường ngoài,lý thuyết nhiễu loạn,nguyên tử heli,những cơ sở lý thuyếtvùng về vật rắn 
653 |a cơ học 
653 |a lượng tử 
653 |a cấu trúc 
653 |a nguyên tử 
700 |a Phan Như Ngọc  |e dịch 
773 |t Cơ học lượng tử và cấu trúc nguyên tử  |w 4469 
910 |a LÊ THỊ QUỲNH  |d 14/10/2011 
OWN |a LSP 
AVA |a UDN50  |b LSP  |d 539.14 MA-A  |e available  |t Error 5001 Not defined in file expand_doc_bib_avail.  |f 3  |g 1  |h N  |i 0  |k 1 
999 |a From the UDN01 
AVA |a UDN50  |b LSP  |d 539.14 MA-A  |e available  |t Error 5001 Not defined in file expand_doc_bib_avail.  |f 3  |g 1  |h N  |i 0  |k 1 
TYP |a Monograph 
TYP |a Printed language 
980 |a Mạng thư viện Đại học Đà Nẵng